Zilahy Lajos utolsó évei 1-43.
Elmentve itt :
| Szerző: | |
|---|---|
| Dokumentumtípus: | Cikk |
| Megjelent: |
1984-02-07
|
| Sorozat: | Délmagyarország
74 No. 31-77 |
| Kulcsszavak: | Zilahy Lajos |
| Online Access: | http://dmarchiv.bibl.u-szeged.hu/99549 |
| LEADER | 00454nab a2200157 i 4500 | ||
|---|---|---|---|
| 001 | delm99549 | ||
| 005 | 20190910102712.0 | ||
| 008 | 190910s1984 hu o 0|| hun d | ||
| 040 | |a SZTE Délmagyarország Archívum |b hun | ||
| 041 | |a hun | ||
| 100 | 1 | |a Siklós János | |
| 245 | 1 | 0 | |a Zilahy Lajos utolsó évei 1-43. |h [elektronikus dokumentum] / |c Siklós János |
| 260 | |c 1984-02-07 | ||
| 300 | |a 2,5 | ||
| 490 | 0 | |a Délmagyarország |v 74 No. 31-77 | |
| 695 | |a Zilahy Lajos | ||